000 00509cam a2200145 4500500
005 20251012021531.0
041 _afre
042 _adc
100 1 0 _aSalin, Dominique
_eauthor
245 0 0 _aPatrick Royannais, ET TU NE RÉPONDS PAS Une théologie de la prière Salvator, 2021, 206 p., 20 €.
260 _c2022.
500 _a30
786 0 _nChristus | º273 | 1 | 2022-01-01 | p. 116-118 | 0009-5834
856 4 1 _uhttps://shs.cairn.info/revue-christus-2022-1-page-116?lang=fr&redirect-ssocas=7080
999 _c1538625
_d1538625